01493nab a22002417a 4500003000400000005001700004008004100021040000700062100001800069245024100087260007300328300001500401500003800416505035800454505010200812505008200914650001800996650001801014650002401032650002301056650001801079773015401097OSt20251222232453.0190429b xxu||||| |||| 00| 0 spa d cPJ aOrtiz, Julio 13aEl plenario "Ruiz" de la Cámara Federal de Casación Penal. ¿La posibilidad de interponer Casación en la etapa preparatoria e intermedia es contraria a derecho? El primer paso para el nacimiento del Triple conforme /cJulio Ortiz. cCiudad Autónoma de Buenos Aires :aThomson Reuters La Ley, b2025. ap. 104-109 aCita: TR LALEY AR/DOC/2855/2025.  aSumario: I. Introducción.— II. Matices del modelo acusatorio en el nuevo Cód. Proc. Penal Federal.— III. El derecho al recurso en el Cód. Proc. Penal Federal.— IV. El problema de carácter normativo.— V. El plenario "Roque Ruiz" de la CFCP y el fallo "Chacón" de la CS.— VI. Opinión personal y conclusión.— VII. Bibliografía.  aFallo comentado: CFCasación Penal, en pleno ~ 28/05/2024 ~ Ruiz, Roque y otro s/ impugnación. tSi te interesa el texto completo, solicitalo a koha@justierradelfuego.gov.ar  0aDERECHO PENAL 0aPROCESO PENAL 0aRECURSO DE CASACION 0aDERECHO AL RECURSO 0aINSTRUCCIÓN0 02658tRevista de derecho penal y criminología. Nº 11 - Diciembre 2025dCiudad Autónoma de Buenos Aires : Thomson Reuters La Ley, 2017-x00347914